000 00575cam a22002171 4500
001 f 01003737
003 DLC
005 20260227111247.0
008 860723s1844 fr 000 0 fre
010 _af 01003737
035 _a(OCoLC)13919019
040 _aDLC
_cTxLT
_dDLC
042 _apremarc
043 _ae-fr---
050 0 0 _aDC146
_b.D96
100 1 _aDuval, Georges,
_d1772-
245 1 0 _aSouvenirs thermidoriens,
_cpar Georges Duval ...
260 _aParis,
_bV. Magen,
_c1844.
300 _a2 v.
_c22 cm.
651 0 _aFrance
_xHistory
_yRevolution, 1789-1799.
999 _c23156
_d23156